000 00781nam a2200253Ia 4500
003 OSt
005 20220928115801.0
006 a|||||r|||| 00| 0
007 ta
008 220927b |||||||| |||| 00| 0 eng d
020 _cUSD 30.00
024 _a134160
037 _b0402, 15/03/2017, Bookwell Publications
_cTextual
040 _aSDCL
_cSDCL
_beng
041 _2eng
_aeng
082 _aX:8, Q6 LR
100 _aForoohar Rana
_9446118
245 0 _aMakers and takers
_bhte rise of finance and he fall of american business
260 _aNew York
_b Crown Business
_c2016
300 _axi,388p.
_ccm.
650 _aReference
942 _hX:8, Q6 LR
_cTEXL
_2CC
999 _c760951
_d760951